00496nam a2200157 450000500170000001000150001702000260003203500140005803700130007208200110008510000170009624500370011326000620015027001020021230000240031420190424114719.0 aENG-125067 a9789381008669c140.00 aEN-108599 bDBAD/PUB a230.35 aSai,Vasantha aExperience new/cby Vasantha Sai aMaduraibSri Vasanthasai Books & Publications Trustc2012 aMuktiNilayam,Royapalayam Village B.O.bTirumangalam S.O, Maduraie625706mmukthinilayam@gmail.com a210.p.c22cm. (pbk)